01310nam a2200289 a 450000100100000000500170001000800410002704000250006808200170009310000360011024500840014624600450023026000380027530000280031350000650034150400320040659000270043865000430046565000230050865000400053170000440057191000410061595201150065695201160077195201160088799900170100300001489220250430073846.0100127s19uu dr a 001 0 spa d aDO-SdBNPbspacBNPHU a158.1bM343c1 aMarizán, Jaime Antonio92429810aConsejos del alma /cJaime Antonio Marizán ; prólogo Ramón Tomás Aybar.14aConsejos del alma:ba los que buscan luz aSanto Domingo :bRojam,c[19--?]. a214 p. :bil. ;c21 cm. aLa biblioteca posee un ejemplar autografíado por el autor. aBibliografía: p. 213-214. aInventariado, 2018/MFF 0aAutorrealización (Psicología)9211 4aConsejería98254 4aOrientación (psicología)9337271 aAybar, Ramón Tomás,epról.933728 aValidado. Control de calidad MMOLINA 0010718PDaPDbPDcHDd2010-01-27iLF1l0o158.1 M343cp14892-10r2020-06-25w2020-06-25yLFPDZNo se presta 00107-18PDaPDbPDcOId2010-01-27iLF1l0o158.1 M343cp14893-10r2020-06-25w2020-06-25yLFPDZNo se presta 00107-18PDaPDbPDcOId2010-01-27iLF1l0o158.1 M343cp14893-20r2020-06-25w2020-06-25yLFPDZNo se presta c14472d14472